Key development, application context and forms of technology assessment
Základná charakteristika hodnotenia technológií (TA), ich determinantov a efektov. Historická genéza vývoja TA, predovšetkým založenie US Office for TA. Ciele a iniciatívy TA. Dopady technologických aplikácií. Kroky, formy, a kritériá TA.
Gespeichert in:
| 1. Verfasser: | |
|---|---|
| Format: | Buchkapitel |
| Sprache: | Englisch |
| Schlagworte: | |
| Tags: |
Keine Tags, Fügen Sie das erste Tag hinzu!
|
MARC
| LEADER | 00000naa a2200000 4500 | ||
|---|---|---|---|
| 001 | 0192700 | ||
| 005 | 20231128131933.9 | ||
| 041 | 0 | |a eng | |
| 044 | |a CZ | ||
| 245 | 1 | 0 | |a Key development, application context and forms of technology assessment |c Marek Jemala |
| 520 | |a Základná charakteristika hodnotenia technológií (TA), ich determinantov a efektov. Historická genéza vývoja TA, predovšetkým založenie US Office for TA. Ciele a iniciatívy TA. Dopady technologických aplikácií. Kroky, formy, a kritériá TA. | ||
| 610 | 2 | 0 | |a oceňovanie ekonomické |
| 610 | 2 | 0 | |a pokrok technologický |
| 610 | 2 | 0 | |a inkubátory technologické |
| 610 | 2 | 0 | |a predvídanie |
| 610 | 2 | 0 | |a efektívnosť inovácií |
| 610 | 2 | 0 | |a gramotnosť informačná |
| 100 | 1 | |a Jemala, Marek | |